000 00357nam a2200121Ia 4500
008 220620s9999||||xx |||||||||||||| ||und||
245 0 _aRobot Soccer
546 _aEnglish[eng]
650 _aAutomatic control engineering
700 _aPapi&#263, Vladan
856 _uhttps://mts.intechopen.com/storage/books/3624/authors_book/authors_book.pdf
942 _cEB
999 _c29190
_d29190